| 000 | 00344nam a22001217a 4500 | ||
|---|---|---|---|
| 020 | _a9789350942482 | ||
| 082 |
_a153.43 _bBHA/AN |
||
| 100 |
_aBhardwaj,Peeyush _91029 |
||
| 245 | _aThe Hand on Guide to Analytical Reasoning and Logical Reasoning | ||
| 260 |
_aNew Delhi _bArihant Publications (India) Limited _c2014 |
||
| 300 | _a475 | ||
| 942 | _cBK | ||
| 999 |
_c14594 _d14594 |
||